000 01307nam1a22002411i 4500
001 v19\rc\1219669
005 20260406203247.0
035 _a(NLR Aleph) 004381994
090 _a3638655
_c3638656
100 _a20060306d18731874|||y0rusy50 ca
101 0 _arus
102 _aRU
105 _ay z |||||
200 1 _aПротоколы заседания С.-Петербургского отдела Общества любителей духовного просвещения...
210 _a[Санкт-Петербург
_d1873]-1874
300 _aЗагл. последующих протоколов: "Протокол заседания..."
517 0 _aПротокол заседания С.-Петербургского отдела Общества любителей духовного просвещения
532 1 2 _aПротоколы заседания Санкт-Петербургского отдела Общества любителей духовного просвещения...
710 0 2 _aОбщество любителей духовного просвещения
_cМосква
_bПетербургский отдел
_3RU\NLR\AUTH\889963407
_9423094
801 0 _aRU
_bNLR
_gpsbo
801 1 _aRU
_bProSoft-M
_2rusmarc
852 _aNLR
_jШифры разные
942 _cBOOK